Normal view MARC view

Entry Personal Name

Number of records used in: 1

001 - CONTROL NUMBER

  • control field: 46214

003 - CONTROL NUMBER IDENTIFIER

  • control field: dpl

005 - DATE AND TIME OF LATEST TRANSACTION

  • control field: 20120502131208.0

008 - FIXED-LENGTH DATA ELEMENTS

  • fixed length control field: 120502|||a|||||| | ||| d

040 ## - CATALOGING SOURCE

  • Original cataloging agency: dpl
  • Transcribing agency: dpl

100 ## - HEADING--PERSONAL NAME

  • Personal name: Majumdar, Anindyo J.

670 ## - SOURCE DATA FOUND

  • Source citation: Work cat.: (dpl): Majumdar, Anindyo J., Lethal games :, 2004

670 ## - SOURCE DATA FOUND

  • Source citation: Work cat.: (dpl): Majumdar, Anindyo J., Lethal games :, 2004

© Delhi Public Library
Hit Counter
free hit counter